le quiz ultime des réfs françaises pt3 - Statistiques

Statistiques générales
  • Ce quiz a été pris 314 fois
  • Le résultat moyen est 11 sur 37
Statistiques - réponses
Par images Réponse % Correct
for sure
85%
je veux faire l’amour
79%
8 morts 6 blessés
63%
moi puceau
59%
tu me parles pas d’âge
55%
la mer noire
54%
yes is giroud
51%
y’a le mec à milla
50%
le plus dur c’était von dijk
48%
taisez vous
48%
c’est bien nils
42%
parce que c’est notre projet
42%
kalina c’est marrant ça
35%
on faisait bouh
35%
je suis bieng
33%
mais ça va pas ou quoi la
31%
tu casses tu répares
31%
tu pousses le bouchon un peu trop loin maurice
28%
viande
25%
n’ayez pas peur
24%
vous êtes des enfants de bourgeois
24%
un p’tit wrap
22%
y’en a la bas de la salade
18%
deux ans d’études à montpellier
17%
il faut un cap clair
17%
j’ai un tigre sur le véhicule
17%
la question elle est vite répondue
15%
tranquille bébé wallah
12%
un conseil, ferme ta gueule
11%
oh les rois mages, oh galilée
9%
mais qui voila je
8%
plus loin
6%
racismo no
5%
la rando elle en finit pas
4%
c’est à quelle heure le futulu
3%
quelle perte de temps quelle perte d’énergie
3%
ça me fait drôlement chier
1%
Aucun quiz correspondant
Distribution des résultats
% des personnes avec chaque résultat
Percentile par nombre de réponses
Votre historique - résultats
Vous n’avez pas pris ce quiz